[Event "Junior Online 4NCL Division 2"]
[Site "online"]
[Date "2020.10.15"]
[Round "5.42"]
[White "Shah, Rahul"]
[Black "Nukalapati, Sarthak"]
[Result "0-1"]
[WhiteElo "1502"]
[BlackElo "1232"]
[PlyCount "112"]
[EventDate "2020.10.15"]
[WhiteTeam "May The Fork Be With You 2"]
[BlackTeam "St John's College B"]

1. d4 Nf6 2. c4 g6 3. Nc3 Bg7 4. Nf3 d6 5. Bg5 O-O 6. e3 Nc6 7. Be2 e5 8. O-O
exd4 9. exd4 Bd7 10. Nd5 h6 11. Nxf6+ Bxf6 12. Bxh6 Re8 13. Be3 Bf5 14. Rc1 d5
15. Re1 dxc4 16. Bxc4 Bg4 17. Qb3 Qd7 18. Nd2 Na5 19. Qd3 Bf5 20. Qc3 Nc6 21.
Nf3 Bg4 22. Bf4 Rxe1+ 23. Rxe1 Rd8 24. Ng5 Nxd4 25. Qg3 Ne2+ 26. Bxe2 Bxe2 27.
h3 Bb5 28. Bxc7 Bxg5 29. Bxd8 Bxd8 30. Qe3 Bb6 31. Qg3 Qd2 32. Qb8+ Kh7 33. Qe5
Qxf2+ 34. Kh2 Bc6 35. Qg3 Qc5 36. Qh4+ Kg7 37. Qg3 Qf5 38. Qh4 Qd7 39. Qg3 Bc7
40. Qxc7 Qxc7+ 41. Kg1 Qg3 42. Re2 Bf3 43. Rf2 Bd5 44. Re2 Qd3 45. Rf2 Qd1+ 46.
Kh2 Qh5 47. Kg1 f5 48. Kh2 Qd1 49. Kg3 Qe1 50. b3 f4+ 51. Kxf4 Qxf2+ 52. Ke5
Bc6 53. Kd6 Qxg2 54. Ke7 Qe4+ 55. Kd6 Qd5+ 56. Ke7 Qd7# 0-1

[Event "Junior Online 4NCL Division 2"]
[Site "online"]
[Date "2020.10.15"]
[Round "5.43"]
[White "Anandkumar, Govind"]
[Black "Walia, Michael Kanishk"]
[Result "0-1"]
[WhiteElo "1217"]
[BlackElo "1405"]
[PlyCount "96"]
[EventDate "2020.10.15"]
[WhiteTeam "St John's College B"]
[BlackTeam "May The Fork Be With You 2"]

1. e4 e6 2. d4 d5 3. exd5 exd5 4. Bd3 Nf6 5. Nf3 Be7 6. O-O O-O 7. Bg5 Nc6 8.
h3 Ne4 9. Bxe7 Qxe7 10. Re1 Bf5 11. Nbd2 Rfe8 12. Qe2 Nxd2 13. Qxd2 Qf6 14. Qf4
Bxd3 15. Qxf6 gxf6 16. cxd3 Nb4 17. Rxe8+ Rxe8 18. Rc1 c6 19. a3 Nxd3 20. Rd1
Nxb2 21. Rb1 Nc4 22. Rxb7 Nxa3 23. Rxa7 Nc4 24. Rc7 Re6 25. Nh4 Nd2 26. Nf5
Re1+ 27. Kh2 Nf1+ 28. Kg1 Ne3+ 29. Kh2 Nxf5 30. Rxc6 Kg7 31. g3 Nxd4 32. Rd6
Re5 33. f4 Rf5 34. Kg2 Nb5 35. Rb6 d4 36. Kf3 Nc3 37. Kf2 Ne4+ 38. Ke2 Nxg3+
39. Kf3 Nh5 40. Ke4 Rxf4+ 41. Kd3 Rh4 42. Rb5 Rxh3+ 43. Kxd4 Nf4 44. Rf5 Ne6+
45. Kd5 Rd3+ 46. Ke4 Ra3 47. Kd5 Ra5+ 48. Kd6 Rxf5 0-1

[Event "Junior Online 4NCL Division 2"]
[Site "online"]
[Date "2020.10.15"]
[Round "5.44"]
[White "Gill, Veer"]
[Black "Sequeira, Robert"]
[Result "1-0"]
[WhiteElo "1352"]
[BlackElo "1232"]
[PlyCount "77"]
[EventDate "2020.10.15"]
[WhiteTeam "May The Fork Be With You 2"]
[BlackTeam "St John's College B"]

1. e4 e6 2. d4 d5 3. exd5 exd5 4. Nf3 Nf6 5. Bd3 Nc6 6. Nc3 Bb4 7. O-O O-O 8.
Bg5 h6 9. Bh4 Bg4 10. h3 Bxf3 11. Qxf3 Nxd4 12. Qd1 c6 13. Bxf6 Qxf6 14. Nxd5
cxd5 15. c3 Bc5 16. cxd4 Bxd4 17. Qb3 Bxb2 18. Rab1 Be5 19. Qxd5 b6 20. Qe4 g6
21. Rfe1 Rfe8 22. Qc4 Bd4 23. Rf1 Rac8 24. Qd5 Re5 25. Qxd4 Rd8 26. Qc3 Qd6 27.
Bc2 Rc5 28. Qb3 Rg5 29. Rbd1 Qc7 30. Rxd8+ Qxd8 31. Rd1 Qa8 32. g3 Qc8 33. Kh2
Rh5 34. h4 g5 35. Qd3 Qg4 36. Qh7+ Kf8 37. Qh8+ Ke7 38. Qd8+ Ke6 39. Qd6# 1-0

[Event "Junior Online 4NCL Division 2"]
[Site "online"]
[Date "2020.10.15"]
[Round "5.45"]
[White "Anand, Dhriti"]
[Black "Shahameeran, Ashika"]
[Result "1-0"]
[WhiteElo "1495"]
[BlackElo "1330"]
[PlyCount "99"]
[EventDate "2020.10.15"]
[WhiteTeam "May The Fork Be With You 2"]
[BlackTeam "St John's College B"]

1. b3 e5 2. Bb2 Nc6 3. e3 Nf6 4. Bb5 d6 5. Ne2 Be7 6. O-O O-O 7. Bxc6 bxc6 8.
f4 e4 9. d3 Bg4 10. Nd2 Nd5 11. Nc4 exd3 12. cxd3 Bf6 13. Bxf6 Qxf6 14. Qd2
Rfe8 15. e4 Bxe2 16. Qxe2 Nc3 17. Qd2 d5 18. e5 Qe7 19. Qxc3 dxc4 20. Qxc4 Qd7
21. Rac1 Re6 22. Rf3 Rd8 23. g3 Rc8 24. d4 Kh8 25. f5 Ree8 26. Qxc6 Qxd4+ 27.
Kh1 Qxe5 28. Rcf1 f6 29. Rf4 Qe7 30. Ra4 Ra8 31. Rc4 Qe2 32. Qf3 Qe7 33. Rh4
Qf7 34. Re4 Red8 35. Rfe1 Rab8 36. Re7 Qf8 37. Qg4 Qg8 38. Qf4 Qd5+ 39. Kg1
Qc5+ 40. Qf2 Qd5 41. Rxc7 Qd6 42. Rxa7 Qf8 43. Rae7 Rbc8 44. R7e4 Ra8 45. Rg4
Qf7 46. Qg2 Qf8 47. Rh4 Qc5+ 48. Kh1 Qxf5 49. Rf4 Qd7 50. Rfe4 1-0

[Event "Junior Online 4NCL Division 2"]
[Site "online"]
[Date "2020.10.15"]
[Round "5.46"]
[White "Nukalapati, Sarthak"]
[Black "Shah, Rahul"]
[Result "1-0"]
[WhiteElo "1232"]
[BlackElo "1502"]
[PlyCount "83"]
[EventDate "2020.10.15"]
[WhiteTeam "St John's College B"]
[BlackTeam "May The Fork Be With You 2"]

1. e4 c5 2. Nf3 d6 3. Bc4 Nf6 4. Nc3 g6 5. Nd5 Nxe4 6. Qe2 Bf5 7. d3 Qa5+ 8.
Kf1 Nxf2 9. Qxf2 Bg7 10. Bd2 Qd8 11. Bc3 O-O 12. Bxg7 Kxg7 13. Qh4 e6 14. Ne3
Qxh4 15. Nxh4 d5 16. Nhxf5+ gxf5 17. Bb3 Nc6 18. g4 fxg4 19. Nxg4 Nd4 20. Rg1
Kh8 21. Nf6 Rac8 22. Rg3 c4 23. dxc4 dxc4 24. c3 Nxb3 25. axb3 a6 26. b4 b5 27.
Rxa6 Rcd8 28. Ra2 Rd1+ 29. Kg2 Rd2+ 30. Kf3 Rd3+ 31. Ke4 Rxg3 32. hxg3 Kg7 33.
Ng4 f5+ 34. Kf4 fxg4+ 35. Kxg4 Kg6 36. Ra6 Rf6 37. Rb6 h5+ 38. Kh4 Kh6 39. Rxb5
Rf5 40. Rxf5 exf5 41. b5 Kg6 42. b6 1-0

[Event "Junior Online 4NCL Division 2"]
[Site "online"]
[Date "2020.10.15"]
[Round "5.47"]
[White "Walia, Michael Kanishk"]
[Black "Anandkumar, Govind"]
[Result "0-1"]
[WhiteElo "1405"]
[BlackElo "1217"]
[PlyCount "138"]
[EventDate "2020.10.15"]
[WhiteTeam "May The Fork Be With You 2"]
[BlackTeam "St John's College B"]

1. e4 e6 2. d4 d5 3. e5 c5 4. c3 Nc6 5. Nf3 Qb6 6. Bd3 Bd7 7. O-O Be7 8. dxc5
Bxc5 9. Nbd2 f6 10. exf6 Nxf6 11. Nb3 Bd6 12. Re1 O-O 13. Bg5 Ng4 14. h3 Nxf2
15. Be3 Nxd1 16. Bxb6 Nxb2 17. Bc5 Nxd3 18. Bxd6 Nxe1 19. Bxf8 Nxf3+ 20. gxf3
Rxf8 21. Kf2 Ne5 22. Nd4 Nc4 23. Rb1 Bc6 24. Nxe6 Rf6 25. Nd4 Nd2 26. Rd1 Ne4+
27. Ke3 Nxc3 28. Rc1 Nxa2 29. Ra1 Nc3 30. Rxa7 Nb5 31. Ra8+ Kf7 32. Ne2 Re6+
33. Kf2 Kg6 34. Nf4+ Kf5 35. Nxe6 Kxe6 36. Rh8 h6 37. Rf8 Nd4 38. Rf4 Ke5 39.
Rf7 g6 40. Ke3 Nf5+ 41. Kf2 Kf4 42. Rf8 Kg5 43. Ra8 Kh4 44. Kg2 b5 45. Rc8 Bd7
46. Rd8 Ne3+ 47. Kf2 Nd1+ 48. Ke1 Nc3 49. Rxd7 Kxh3 50. Kd2 Na4 51. Rxd5 Kg3
52. Rxb5 Kxf3 53. Rb6 Nxb6 54. Ke1 Kg2 55. Ke2 h5 56. Ke3 h4 57. Kf4 h3 58. Kg4
h2 59. Kh4 h1=Q+ 60. Kg4 Qh3+ 61. Kg5 Qf3 62. Kxg6 Qf4 63. Kh5 Qg3 64. Kh6 Kf3
65. Kh5 Kf4 66. Kh6 Kf5 67. Kh7 Kf6 68. Kh8 Kf7 69. Kh7 Qh3# 0-1

[Event "Junior Online 4NCL Division 2"]
[Site "online"]
[Date "2020.10.15"]
[Round "5.48"]
[White "Sequeira, Robert"]
[Black "Gill, Veer"]
[Result "1-0"]
[WhiteElo "1232"]
[BlackElo "1352"]
[PlyCount "97"]
[EventDate "2020.10.15"]
[WhiteTeam "St John's College B"]
[BlackTeam "May The Fork Be With You 2"]

1. e4 e5 2. Nf3 Nc6 3. d4 exd4 4. Nxd4 Nf6 5. Nc3 Bc5 6. Be3 Bxd4 7. Bxd4 O-O
8. Bc4 d6 9. O-O Bg4 10. Bxf6 Bxd1 11. Bxd8 Raxd8 12. Raxd1 Rfe8 13. Rfe1 a6
14. Nd5 Rc8 15. Re3 h6 16. Rg3 Kf8 17. Re3 Ne5 18. Bd3 c6 19. Nb6 Rc7 20. Bc4
Rd8 21. f4 Ng4 22. Rg3 Nf6 23. e5 Ne4 24. Re3 d5 25. Rxe4 Re8 26. Nxd5 cxd5 27.
Rxd5 b5 28. Bb3 Rcc8 29. Rd7 Re7 30. Red4 Ke8 31. Rxe7+ Kxe7 32. f5 g6 33. f6+
Ke8 34. e6 fxe6 35. Bxe6 Rb8 36. f7+ Kf8 37. Rg4 g5 38. h4 Rb6 39. hxg5 Rxe6
40. g6 Kg7 41. Kf2 Rf6+ 42. Ke3 Re6+ 43. Kd4 Re2 44. Rf4 Rxg2 45. f8=Q+ Kxg6
46. Qg8+ Kh5 47. Qxg2 a5 48. Rf3 Kh4 49. Rh3# 1-0

[Event "Junior Online 4NCL Division 2"]
[Site "online"]
[Date "2020.10.15"]
[Round "5.51"]
[White "George, Seb"]
[Black "Hariharan, Shambavi"]
[Result "0-1"]
[WhiteElo "1240"]
[BlackElo "1217"]
[PlyCount "52"]
[EventDate "2020.10.15"]
[WhiteTeam "Watford Juniors B"]
[BlackTeam "Maid Marians 2"]

1. g3 d5 2. Bg2 Nf6 3. c4 e6 4. Nc3 c6 5. cxd5 exd5 6. d4 Bf5 7. Bg5 Nbd7 8. e4
dxe4 9. Bxe4 Bg6 10. Qe2 Be7 11. Bxf6 Nxf6 12. Bxg6 hxg6 13. O-O-O O-O 14. Nf3
Re8 15. h4 Bb4 16. Qc4 Bxc3 17. bxc3 a5 18. Ne5 Qc7 19. Nxg6 b5 20. Qb3 a4 21.
Qc2 fxg6 22. Qxg6 Qd6 23. Kb2 a3+ 24. Kb3 Qd5+ 25. Kc2 Qxa2+ 26. Kc1 Qb2# 0-1

[Event "Junior Online 4NCL Division 2"]
[Site "online"]
[Date "2020.10.15"]
[Round "5.52"]
[White "Stokes, Matthew"]
[Black "Tathare, Rohan"]
[Result "0-1"]
[WhiteElo "955"]
[BlackElo "1232"]
[PlyCount "52"]
[EventDate "2020.10.15"]
[WhiteTeam "Maid Marians 2"]
[BlackTeam "Watford Juniors B"]

1. d4 d5 2. c4 dxc4 3. Nf3 e6 4. e3 h6 5. Bxc4 a6 6. O-O Nf6 7. Nc3 Bb4 8. Bd2
Bd6 9. a3 Nc6 10. h3 b6 11. Re1 a5 12. e4 Bb7 13. e5 Ne4 14. exd6 Nxc3 15. bxc3
Qxd6 16. Bb5 O-O 17. Bxc6 Qxc6 18. Qc1 Rfe8 19. Bxh6 gxh6 20. Qxh6 Rad8 21.
Qg5+ Kf8 22. Qh6+ Ke7 23. Qg5+ Kd7 24. Qg7 Rg8 25. Qxf7+ Kc8 26. Ne5 Qxg2# 0-1

[Event "Junior Online 4NCL Division 2"]
[Site "online"]
[Date "2020.10.15"]
[Round "5.53"]
[White "Holland, Nicolas"]
[Black "Pitts, Hannah"]
[Result "1-0"]
[WhiteElo "1172"]
[BlackElo "1022"]
[PlyCount "97"]
[EventDate "2020.10.15"]
[WhiteTeam "Watford Juniors B"]
[BlackTeam "Maid Marians 2"]

1. e4 e5 2. Nf3 Nc6 3. Bb5 a6 4. Bxc6 dxc6 5. O-O Bd6 6. d3 Nf6 7. Nc3 h6 8.
Nh4 Ng4 9. Nf5 Nf6 10. Nxg7+ Kf8 11. Nf5 Bxf5 12. exf5 Qd7 13. Qf3 Re8 14. Ne4
Ke7 15. g4 Rhg8 16. h3 Kd8 17. Nxf6 Qe7 18. Nxg8 Rxg8 19. Bxh6 Kc8 20. Rfe1 Rh8
21. Bd2 Re8 22. Re2 f6 23. Rae1 Kb8 24. Bc3 c5 25. h4 c6 26. h5 Bc7 27. a3 Qd6
28. h6 e4 29. Qg3 Qxg3+ 30. fxg3 Bxg3 31. Rf1 Kc8 32. Bxf6 Kd7 33. dxe4 c4 34.
Kg2 Bd6 35. e5 Bc5 36. e6+ Kc7 37. e7 Kd7 38. g5 Bxe7 39. Bxe7 Rxe7 40. Rxe7+
Kxe7 41. f6+ Kf8 42. Rd1 Kf7 43. h7 Kf8 44. h8=R+ Kf7 45. g6+ Ke6 46. Re8+ Kxf6
47. Rf1+ Kxg6 48. Rg8+ Kh6 49. Rh1# 1-0

[Event "Junior Online 4NCL Division 2"]
[Site "online"]
[Date "2020.10.15"]
[Round "5.55"]
[White "Hariharan, Shambavi"]
[Black "George, Seb"]
[Result "0-1"]
[WhiteElo "1217"]
[BlackElo "1240"]
[PlyCount "166"]
[EventDate "2020.10.15"]
[WhiteTeam "Maid Marians 2"]
[BlackTeam "Watford Juniors B"]

1. d4 Nc6 2. Nf3 Nf6 3. Bf4 d6 4. e3 Nh5 5. Bg3 e5 6. dxe5 Nxg3 7. hxg3 dxe5 8.
Qxd8+ Kxd8 9. Nc3 Bb4 10. Rd1+ Ke7 11. Rd3 e4 12. Rd5 exf3 13. gxf3 Be6 14. Rb5
b6 15. a3 Bxc3+ 16. bxc3 a6 17. Rg5 h6 18. Rxg7 Kf6 19. Rg4 Bxg4 20. fxg4 Ne5
21. Be2 c5 22. Rh5 b5 23. f4 Nd7 24. Bf3 Rae8 25. Rf5+ Kg7 26. Kf2 c4 27. Bd5
Nf6 28. Bf3 Ne4+ 29. Bxe4 Rxe4 30. g5 hxg5 31. Rxg5+ Kf6 32. Rc5 Rh2+ 33. Kf3
Re6 34. e4 Rxc2 35. e5+ Kf5 36. g4+ Kg6 37. f5+ Kg7 38. fxe6 Rxc3+ 39. Kf4 fxe6
40. Rc6 Rxa3 41. Rxe6 c3 42. Rc6 Ra4+ 43. Kf5 Rc4 44. Rg6+ Kf7 45. e6+ Ke7 46.
Rg7+ Ke8 47. e7 Rc5+ 48. Kf6 Rc6+ 49. Ke5 c2 50. Rg8+ Kd7 51. e8=Q+ Kc7 52.
Rg7+ Kb6 53. Qd8+ Kc5 54. Qe7+ Kb6 55. Qa7+ Ka5 56. Qg1 Rc5+ 57. Kd6 c1=Q 58.
Qxc1 Rxc1 59. g5 b4 60. g6 Rg1 61. Ke6 b3 62. Kf6 b2 63. Rb7 b1=Q 64. Rxb1 Rxb1
65. Kf7 Rf1+ 66. Kg8 Kb4 67. g7 a5 68. Kh7 Rh1+ 69. Kg8 a4 70. Kf7 Rf1+ 71. Ke6
Rg1 72. Kf7 a3 73. g8=Q Rxg8 74. Kxg8 a2 75. Kg7 a1=Q+ 76. Kf7 Qe5 77. Kg6 Kc5
78. Kh7 Qf6 79. Kg8 Qe7 80. Kh8 Kd6 81. Kg8 Ke6 82. Kh8 Kf6 83. Kg8 Qg7# 0-1

[Event "Junior Online 4NCL Division 2"]
[Site "online"]
[Date "2020.10.15"]
[Round "5.56"]
[White "Tathare, Rohan"]
[Black "Stokes, Matthew"]
[Result "1-0"]
[WhiteElo "1232"]
[BlackElo "955"]
[PlyCount "89"]
[EventDate "2020.10.15"]
[WhiteTeam "Watford Juniors B"]
[BlackTeam "Maid Marians 2"]

1. d4 d5 2. c4 e6 3. Nf3 h6 4. Nc3 Bb4 5. Bd2 Nf6 6. Qa4+ Bd7 7. Qb3 O-O 8.
Qxb4 a6 9. e3 a5 10. Qa3 Nc6 11. b3 Ne7 12. c5 a4 13. b4 c6 14. Ne5 Bc8 15. Bd3
g6 16. Qb2 a3 17. Qc2 Ng4 18. Nxg6 Nxg6 19. Bxg6 fxg6 20. Qxg6+ Kh8 21. Qxg4
Rg8 22. Qf4 Rxg2 23. Qxh6+ Kg8 24. O-O-O Rxf2 25. Qg6+ Kf8 26. Qh7 Qf6 27. Rhg1
Ke8 28. Rg8+ Qf8 29. Rxf8+ Rxf8 30. Qg6+ Kd8 31. Qg5+ Kc7 32. Qg7+ Kb8 33. Qxf8
Ka7 34. Qd8 e5 35. Qb6+ Kb8 36. dxe5 Be6 37. Qd8+ Ka7 38. Qb6+ Kb8 39. e4 dxe4
40. Nxe4 Bxa2 41. Bf4 Be6 42. Ng5 a2 43. Kb2 Bg8 44. e6+ Kc8 45. Rd8# 1-0

[Event "Junior Online 4NCL Division 2"]
[Site "online"]
[Date "2020.10.15"]
[Round "5.57"]
[White "Pitts, Hannah"]
[Black "Holland, Nicolas"]
[Result "0-1"]
[WhiteElo "1022"]
[BlackElo "1172"]
[PlyCount "92"]
[EventDate "2020.10.15"]
[WhiteTeam "Maid Marians 2"]
[BlackTeam "Watford Juniors B"]

1. e4 e6 2. Nf3 d5 3. exd5 exd5 4. Qe2+ Be7 5. Nc3 Nf6 6. d3 O-O 7. g3 Bc5 8.
Bg2 Re8 9. Be3 Bxe3 10. fxe3 Bg4 11. O-O-O Nc6 12. Rde1 Re7 13. e4 d4 14. Nb5
Bxf3 15. Bxf3 a6 16. Na3 Nb4 17. c3 dxc3 18. bxc3 Nxa2+ 19. Kb2 Nxc3 20. Kxc3
b5 21. Kd2 b4 22. Nc4 c5 23. Qe3 Qc7 24. Ke2 a5 25. Kf2 Nd5 26. Qg5 Nf6 27. Qf4
Qd7 28. Ne5 Qd4+ 29. Re3 Qxe5 30. Qxe5 Rxe5 31. Ra1 b3 32. d4 cxd4 33. Rxb3 a4
34. Rd3 Nxe4+ 35. Bxe4 Rxe4 36. Rdd1 h6 37. Rdc1 a3 38. Rxa3 Rxa3 39. Kg2 Ra2+
40. Kh3 d3 41. Rc8+ Kh7 42. Rc7 f6 43. g4 Re3+ 44. Kh4 Kg6 45. h3 Rh2 46. Rc5
Rhxh3# 0-1

[Event "Junior Online 4NCL Division 2"]
[Site "online"]
[Date "2020.10.15"]
[Round "5.61"]
[White "Gibara, Astrid"]
[Black "Cham, Alex"]
[Result "0-1"]
[WhiteElo "1150"]
[BlackElo "1285"]
[PlyCount "120"]
[EventDate "2020.10.15"]
[WhiteTeam "Warwickshire Bears F"]
[BlackTeam "St Albans Early Knights 2"]

1. e4 c6 2. d4 d5 3. f3 Nf6 4. e5 Ng8 5. c4 Bf5 6. Nc3 e6 7. g4 Bg6 8. Bd3 f6
9. f4 f5 10. gxf5 Bxf5 11. Bxf5 exf5 12. Qh5+ g6 13. Qg5 Be7 14. Qg3 Bh4 15.
cxd5 Bxg3+ 16. hxg3 cxd5 17. b3 Nc6 18. Nf3 Qb6 19. Ne2 Nge7 20. Bb2 O-O-O 21.
a3 Qxb3 22. Bc3 Qb6 23. a4 Qc7 24. a5 a6 25. O-O h6 26. Bb4 Nxb4 27. Rfc1 Nbc6
28. Rab1 g5 29. fxg5 hxg5 30. Nxg5 Rdg8 31. Nf7 Rh7 32. Nd6+ Kb8 33. Rxb7+ Qxb7
34. Nxb7 Kxb7 35. Kg2 Nxa5 36. Ra1 Nec6 37. Nf4 Rhg7 38. Ra3 Nc4 39. Rb3+ Kc8
40. Nxd5 Nxd4 41. Rc3 Kd8 42. Rxc4 Rxg3+ 43. Kf2 Rf3+ 44. Ke1 Rg1+ 45. Kd2 Rg2+
46. Ke1 Nc2+ 47. Rxc2 Rxc2 48. Kd1 Rd3+ 49. Kxc2 Rxd5 50. e6 Re5 51. Kd3 Rxe6
52. Kc4 f4 53. Kb4 f3 54. Ka5 f2 55. Kb4 f1=Q 56. Kc5 Qf5+ 57. Kb4 Re4+ 58. Ka3
Qf3+ 59. Kb2 Re2+ 60. Kc1 Qf1# 0-1

[Event "Junior Online 4NCL Division 2"]
[Site "online"]
[Date "2020.10.15"]
[Round "5.62"]
[White "Ravithas, Abinash"]
[Black "Mykhnenko, Marijka"]
[Result "1-0"]
[WhiteElo "1337"]
[BlackElo "1187"]
[PlyCount "95"]
[EventDate "2020.10.15"]
[WhiteTeam "St Albans Early Knights 2"]
[BlackTeam "Warwickshire Bears F"]

1. e4 e5 2. Nf3 Nc6 3. Bc4 Bc5 4. Nc3 Nf6 5. d3 h6 6. O-O O-O 7. Be3 Bb6 8. Bb5
d6 9. h3 a6 10. Bxc6 bxc6 11. d4 exd4 12. Bxd4 Bxd4 13. Qxd4 c5 14. Qd3 Bb7 15.
Nd5 Nxd5 16. exd5 Qf6 17. c3 Qg6 18. Qxg6 fxg6 19. c4 a5 20. Rfe1 Ba6 21. b3 a4
22. Re7 axb3 23. axb3 Rfc8 24. Nh4 Kh7 25. Re6 g5 26. Nf5 Rf8 27. g4 Bb7 28.
Rxa8 Rxa8 29. Re7 Rg8 30. Rxc7 Bc8 31. Ne7 Re8 32. Nxc8 Re1+ 33. Kg2 Rb1 34.
Rb7 Ra1 35. Nxd6 Ra6 36. Ne8 Rg6 37. d6 Rxd6 38. Nxd6 h5 39. Ne4 Kh6 40. Nxc5
hxg4 41. hxg4 Kg6 42. b4 Kf6 43. b5 Ke5 44. Rd7 Kf6 45. b6 g6 46. b7 Ke5 47.
b8=Q+ Kf6 48. Qd6# 1-0

[Event "Junior Online 4NCL Division 2"]
[Site "online"]
[Date "2020.10.15"]
[Round "5.63"]
[White "Pal, Rhea"]
[Black "Shaporenkov, Robert"]
[Result "1/2-1/2"]
[WhiteElo "1120"]
[BlackElo "1322"]
[PlyCount "102"]
[EventDate "2020.10.15"]
[WhiteTeam "Warwickshire Bears F"]
[BlackTeam "St Albans Early Knights 2"]

1. d4 d5 2. Bf4 c6 3. e3 Nf6 4. Bd3 g6 5. Nf3 Be6 6. O-O Nbd7 7. Nbd2 Ne4 8.
Nxe4 dxe4 9. Bxe4 Nf6 10. Ng5 Bd7 11. Bf3 Bg7 12. e4 Nh5 13. c3 Nxf4 14. Qd2
Ne6 15. Rad1 Bh6 16. Nxe6 Bxd2 17. Nxd8 Rxd8 18. Rxd2 Be6 19. a3 c5 20. Rfd1
Bb3 21. Re1 cxd4 22. cxd4 e5 23. Re3 Bc4 24. Rc3 Ba6 25. d5 O-O 26. Rc7 Rc8 27.
Rdc2 b6 28. d6 Rfd8 29. d7 Rxc7 30. Rxc7 Kg7 31. Rxa7 Bb5 32. Rb7 Bxd7 33. Rxb6
Rc8 34. h3 Rc2 35. Rb4 Rc1+ 36. Kh2 Ra1 37. Be2 Kf6 38. Bb5 Bc8 39. a4 Ke6 40.
Ba6 Bxa6 41. Rb6+ Ke7 42. Rxa6 Rb1 43. Rb6 Kd7 44. a5 Kc7 45. Rb4 Ra1 46. Rb5
Kc6 47. Rb6+ Kc5 48. b4+ Kc4 49. a6 Ra4 50. b5 Kc5 51. Rc6+ Kxb5 1/2-1/2

[Event "Junior Online 4NCL Division 2"]
[Site "online"]
[Date "2020.10.15"]
[Round "5.64"]
[White "Vayzert, Darya"]
[Black "Sareen, Rohan"]
[Result "1-0"]
[WhiteElo "1300"]
[BlackElo "1112"]
[PlyCount "49"]
[EventDate "2020.10.15"]
[WhiteTeam "St Albans Early Knights 2"]
[BlackTeam "Warwickshire Bears F"]

1. d4 d5 2. Nf3 Nc6 3. e3 Bf5 4. c4 dxc4 5. Bxc4 Nf6 6. Nc3 Ne4 7. Bd3 Nd6 8.
Bxf5 Nxf5 9. d5 Nb4 10. Qa4+ Qd7 11. Qxb4 e6 12. Qxb7 exd5 13. Qxa8+ Ke7 14.
Qxd5 Qxd5 15. Nxd5+ Ke6 16. Nxc7+ Kd7 17. Nd5 Ke6 18. e4 Nd4 19. Nxd4+ Ke5 20.
Nf3+ Kxe4 21. Nc3+ Kd3 22. Be3 Bb4 23. Rd1+ Kc2 24. Rd2+ Kc1 25. Re2# 1-0

[Event "Junior Online 4NCL Division 2"]
[Site "online"]
[Date "2020.10.15"]
[Round "5.65"]
[White "Cham, Alex"]
[Black "Gibara, Astrid"]
[Result "0-1"]
[WhiteElo "1285"]
[BlackElo "1150"]
[PlyCount "54"]
[EventDate "2020.10.15"]
[WhiteTeam "St Albans Early Knights 2"]
[BlackTeam "Warwickshire Bears F"]

1. d4 d5 2. Bf4 f6 3. e3 Nc6 4. Bd3 e5 5. Bg3 exd4 6. exd4 Nxd4 7. Bxh7 Qe7+ 8.
Kf1 Rxh7 9. Qxd4 c6 10. Qd3 b6 11. Qxh7 Ba6+ 12. Qd3 Bxd3+ 13. cxd3 O-O-O 14.
Nc3 Qb4 15. Rb1 Nh6 16. a3 Qd4 17. Nge2 Qxd3 18. Rd1 Qc2 19. a4 Re8 20. Rc1
Qxb2 21. a5 Bb4 22. Rb1 Qc2 23. Rc1 Qd3 24. Rd1 Qc4 25. Rd4 Qb3 26. Rd3 Bxc3
27. Rxc3 Qd1# 0-1

[Event "Junior Online 4NCL Division 2"]
[Site "online"]
[Date "2020.10.15"]
[Round "5.66"]
[White "Mykhnenko, Marijka"]
[Black "Ravithas, Abinash"]
[Result "0-1"]
[WhiteElo "1187"]
[BlackElo "1337"]
[PlyCount "76"]
[EventDate "2020.10.15"]
[WhiteTeam "Warwickshire Bears F"]
[BlackTeam "St Albans Early Knights 2"]

1. e4 e5 2. Nf3 Nc6 3. Bc4 Bc5 4. d3 h6 5. O-O Nf6 6. Nc3 d6 7. a3 Bg4 8. h3
Bh5 9. Be3 Bb6 10. Nb1 O-O 11. Nbd2 Bxf3 12. Nxf3 Na5 13. Ba2 Nc6 14. Bc4 Nd4
15. Bxd4 exd4 16. e5 dxe5 17. Nxe5 Qd6 18. Nxf7 Rxf7 19. Qf3 c6 20. Bxf7+ Kxf7
21. Rfe1 Bc7 22. g3 Kg8 23. Qe2 Re8 24. Qf3 Ba5 25. b4 Bb6 26. Rxe8+ Nxe8 27.
Re1 Qf8 28. Qh5 Nf6 29. Qf3 Qf7 30. c4 dxc3 31. Qd1 Nd5 32. Rf1 Qf6 33. Qb3 Qg6
34. g4 Qxd3 35. Kg2 Kh8 36. Qd1 Nf4+ 37. Kg1 Qg3+ 38. Kh1 Qg2# 0-1

[Event "Junior Online 4NCL Division 2"]
[Site "online"]
[Date "2020.10.15"]
[Round "5.67"]
[White "Shaporenkov, Robert"]
[Black "Pal, Rhea"]
[Result "0-1"]
[WhiteElo "1322"]
[BlackElo "1120"]
[PlyCount "48"]
[EventDate "2020.10.15"]
[WhiteTeam "St Albans Early Knights 2"]
[BlackTeam "Warwickshire Bears F"]

1. d4 e6 2. Bf4 d5 3. e3 Nf6 4. Nd2 Be7 5. Bd3 O-O 6. c3 b6 7. Ngf3 Bb7 8. Ne5
Nbd7 9. Qc2 h6 10. O-O-O Nxe5 11. dxe5 c5 12. Bf5 exf5 13. exf6 Bxf6 14. Qxf5
d4 15. Qc2 Bxg2 16. Rhg1 Bb7 17. Bxh6 Re8 18. Rde1 dxe3 19. fxe3 Kh8 20. Bf4
Bh4 21. Qf5 Bxe1 22. Qh5+ Kg8 23. Qh6 Qxd2+ 24. Kb1 Qd1# 0-1

[Event "Junior Online 4NCL Division 2"]
[Site "online"]
[Date "2020.10.15"]
[Round "5.68"]
[White "Sareen, Rohan"]
[Black "Vayzert, Darya"]
[Result "0-1"]
[WhiteElo "1112"]
[BlackElo "1300"]
[PlyCount "40"]
[EventDate "2020.10.15"]
[WhiteTeam "Warwickshire Bears F"]
[BlackTeam "St Albans Early Knights 2"]

1. e4 c6 2. Bc4 d5 3. exd5 cxd5 4. Bb5+ Nc6 5. Bxc6+ bxc6 6. d4 Nf6 7. Bg5 e6
8. Qd3 h6 9. Bf4 Bd6 10. Bxd6 Qxd6 11. Nf3 Qb4+ 12. c3 Qxb2 13. O-O Qxa1 14.
Ne5 Bb7 15. Na3 Qxa2 16. Nc2 Ba6 17. Qe4 Nxe4 18. Nxc6 Bxf1 19. Ne5 Qxc2 20.
Kxf1 Qxf2# 0-1

[Event "Junior Online 4NCL Division 2"]
[Site "online"]
[Date "2020.10.15"]
[Round "5.71"]
[White "Walker, Daniel"]
[Black "Sapsford, Oliver"]
[Result "1-0"]
[WhiteElo "1322"]
[BlackElo "1442"]
[PlyCount "37"]
[EventDate "2020.10.15"]
[WhiteTeam "Robin Hoods 2"]
[BlackTeam "Border Bandits 1"]

1. e4 e6 2. d4 d5 3. Nc3 c5 4. exd5 exd5 5. Nf3 Nf6 6. Bg5 cxd4 7. Nxd4 Be7 8.
Bd3 O-O 9. O-O Nc6 10. Nf5 d4 11. Nxe7+ Qxe7 12. Nd5 Qd6 13. Nxf6+ gxf6 14. Qh5
Bf5 15. Bxf5 Rfd8 16. Qxh7+ Kf8 17. Rfe1 Ne7 18. Qh8+ Ng8 19. Bh6# 1-0

[Event "Junior Online 4NCL Division 2"]
[Site "online"]
[Date "2020.10.15"]
[Round "5.72"]
[White "Goodwin, Robert Rhys"]
[Black "Tomsett, Jonah"]
[Result "1-0"]
[WhiteElo "1318"]
[BlackElo "1300"]
[PlyCount "69"]
[EventDate "2020.10.15"]
[WhiteTeam "Border Bandits 1"]
[BlackTeam "Robin Hoods 2"]

1. e4 e5 2. Nf3 Nc6 3. Bc4 Nf6 4. Nc3 Bc5 5. O-O d6 6. h3 O-O 7. d3 h6 8. Be3
Bxe3 9. fxe3 a6 10. d4 exd4 11. exd4 b5 12. Bb3 b4 13. e5 dxe5 14. dxe5 Qxd1
15. Nxd1 Nd7 16. e6 fxe6 17. Bxe6+ Kh7 18. Nf2 Rf6 19. Rfe1 Nd8 20. Bc4 Nc5 21.
Ng4 Rf8 22. Rad1 Nf7 23. Nfe5 Nxe5 24. Nxe5 Nb7 25. Bd3+ Kh8 26. Ng6+ Kh7 27.
Nxf8+ Kg8 28. Ng6 Kf7 29. Rf1+ Kg8 30. Bc4+ Kh7 31. Nf8+ Kh8 32. Ng6+ Kh7 33.
Bd3 Nd6 34. Ne7+ Kh8 35. Rf8# 1-0

[Event "Junior Online 4NCL Division 2"]
[Site "online"]
[Date "2020.10.15"]
[Round "5.73"]
[White "Humphreys, Benjamin"]
[Black "Brown, Kingsley"]
[Result "1-0"]
[WhiteElo "1300"]
[BlackElo "1300"]
[PlyCount "37"]
[EventDate "2020.10.15"]
[WhiteTeam "Robin Hoods 2"]
[BlackTeam "Border Bandits 1"]

1. e4 e5 2. Nf3 Nc6 3. Bc4 Bc5 4. O-O Nf6 5. Nc3 O-O 6. d3 h6 7. h3 d6 8. a3
Re8 9. b4 Bb6 10. Nd5 Nxd5 11. exd5 Nd4 12. c3 Nxf3+ 13. Qxf3 Qg5 14. Bxg5 hxg5
15. Rfe1 Bd7 16. Rad1 c6 17. dxc6 Bxc6 18. Qxf7+ Kh7 19. Qh5# 1-0